Phân lớp ảnh dựa trên tổ hợp đa đặc trưng /
Na minha lista:
| Autor principal: | |
|---|---|
| Outros Autores: | , |
| Formato: | Atigo |
| Idioma: | Vietnamese |
| Assuntos: | |
| Tags: |
Adicionar Tag
Sem tags, seja o primeiro a adicionar uma tag!
|
| Thư viện lưu trữ: | Thư viện Trường Đại học Đà Lạt |
|---|
| LEADER | 00993nam a2200289 4500 | ||
|---|---|---|---|
| 001 | DLU190192525 | ||
| 005 | ##20190923 | ||
| 040 | # | # | |a DLU |b vie |
| 041 | # | # | |a vie |
| 044 | # | # | |a vn |
| 100 | # | # | |a Trần Sơn Hải. |
| 245 | # | # | |a Phân lớp ảnh dựa trên tổ hợp đa đặc trưng / |c Trần Sơn Hải, Lê Hoàng Thái, Nguyễn Thanh Thủy. |
| 653 | # | # | |a Đặc trưng tự động |
| 653 | # | # | |a Đặc trưng thủ công |
| 653 | # | # | |a Phân lớp ảnh |
| 653 | # | # | |a Tổ hợp đa đặc trưng |
| 700 | # | # | |a Lê Hoàng Thái. |
| 700 | # | # | |a Nguyễn Thanh Thủy. |
| 773 | # | # | |t Tạp chí Khoa học Đại học Sư phạm TP. Hồ Chí Minh: Khoa học tự nhiên và công nghệ |g Số 12, 2018, tr. 67-81 |
| 920 | # | # | |a Phòng Tạp chí -- Trung tâm Thông tin - Thư viện Trường Đại học Đà Lạt |
| 900 | # | # | |a True |
| 911 | # | # | |a Hoàng Thị Huyền |
| 925 | # | # | |a G |
| 926 | # | # | |a A |
| 927 | # | # | |a BB |
| 980 | # | # | |a Thư viện Trường Đại học Đà Lạt |